| 000 | 00555nam a22002177a 4500 | ||
|---|---|---|---|
| 003 | OSt | ||
| 005 | 20210423064412.0 | ||
| 008 | 210217s2003 ||||| |||| 00| 0 eng d | ||
| 020 | _a8434310317 | ||
| 040 |
_aeng _beng _cDLC |
||
| 041 |
_aeng _hspa |
||
| 080 |
_a7 _bR-75 |
||
| 100 |
_9929 _aRomero, Luis |
||
| 245 |
_aSalvador Dali _c/ by: Ediciones Poligrafa |
||
| 250 | _a2nd edition | ||
| 260 |
_aBarcelona _bEdiciones Poligrafa _c2003 |
||
| 300 |
_a351 p. _bill.. |
||
| 650 | 0 |
_9447 _aArt |
|
| 653 | _aხელოვნება | ||
| 942 |
_2udc _cBK _e2 |
||
| 999 |
_c1489 _d1489 |
||